Chūgoku nōson no bunke seido,

Saved in:
Bibliographic Details
Main Author: Uchida, Tomoo, 1905-
Format: Book
Language:Japanese
Published: Tōkyō, Iwanami Shoten, Shōwa 31 [1956]
Subjects:
Tags: Add Tag
No Tags, Be the first to tag this record!
LEADER 00847nam a2200253 4500
001 007724192-4
005 20024617115958.0
008 890828s1956 ja ab b 000 0 jpn
010 |a j 62001924 
035 0 |a ocm20271559 
040 |a DLC  |c CLU  |d OCoLC  |d *YNH*  |d CStRLIN 
050 0 |a HQ667  |b .U25 
100 1 |6 880-01  |a Uchida, Tomoo,  |d 1905- 
245 1 0 |6 880-02  |a Chūgoku nōson no bunke seido,  |c Uchida Tomoo cho. 
260 |6 880-03  |a Tōkyō,  |b Iwanami Shoten,  |c Shōwa 31 [1956] 
300 |a xi, 460, 12 p.  |b illus., map, tables.  |c 22 cm. 
504 |a Bibliographical footnotes. 
650 0 |a Families  |z China. 
650 0 |a Villages  |z China. 
880 1 |6 100-01  |a 內田智雄,  |d 1905- 
880 1 0 |6 245-02  |a 中国農村の分家制度,  |c 內田智雄著. 
880 |6 260-03  |a 東京,  |b 岩波書店,  |c 昭和31 [1956] 
988 |a 20021214 
906 |0 DLC